Brookings Papers on Economic Activity (Record no. 5478)
[ view plain ]
| 000 -LEADER | |
|---|---|
| fixed length control field | 00608nas a22002177i 4500 |
| 001 - CONTROL NUMBER | |
| control field | 5726 |
| 003 - CONTROL NUMBER IDENTIFIER | |
| control field | OSt |
| 005 - DATE AND TIME OF LATEST TRANSACTION | |
| control field | 20170126082349.0 |
| 007 - PHYSICAL DESCRIPTION FIXED FIELD--GENERAL INFORMATION | |
| fixed length control field | tu |
| 008 - FIXED-LENGTH DATA ELEMENTS--GENERAL INFORMATION | |
| fixed length control field | 161220s xxu||||| |||| 00| 0 d |
| 022 ## - INTERNATIONAL STANDARD SERIAL NUMBER | |
| International Standard Serial Number | 0007-2303 |
| 024 7# - OTHER STANDARD IDENTIFIER | |
| Standard number or code | 5726 |
| Source of number or code | RID |
| 024 7# - OTHER STANDARD IDENTIFIER | |
| Standard number or code | 5726 |
| Source of number or code | RSN (alt) |
| 040 ## - CATALOGING SOURCE | |
| Transcribing agency | OSt |
| 100 1# - MAIN ENTRY--PERSONAL NAME | |
| Personal name | Brainard, William C. |
| Relator term | Ed. |
| 245 00 - TITLE STATEMENT | |
| Title | Brookings Papers on Economic Activity |
| 260 ## - PUBLICATION, DISTRIBUTION, ETC. | |
| Place of publication, distribution, etc. | Washington : |
| Name of publisher, distributor, etc. | The Brookings Institution. |
| 700 1# - ADDED ENTRY--PERSONAL NAME | |
| Personal name | Perry, George L. |
| Relator term | Ed. |
| 866 #0 - TEXTUAL HOLDINGS--BASIC BIBLIOGRAPHIC UNIT | |
| -- | ab 1995 einzelne Hefte |
| 866 #0 - TEXTUAL HOLDINGS--BASIC BIBLIOGRAPHIC UNIT | |
| -- | zusätzliche vorhandene Ausgaben:<br><br>1996 Microeconomics<br>1997 Microeconomics |
| 942 ## - ADDED ENTRY ELEMENTS (KOHA) | |
| Koha item type | Journal |
| Withdrawn status | Lost status | Damaged status | Not for loan | Home library | Current library | Shelving location | Date acquired | Inventory number | Total Checkouts | Barcode | Date last seen | Price effective from | Koha item type |
|---|---|---|---|---|---|---|---|---|---|---|---|---|---|
| WIIW | WIIW | Library | 08/04/2004 | 5726 | 10000975 | 01/26/2017 | 01/26/2017 | Journal |
